Countries with an Official Spotify 'Top 50' - Statistics

General Stats
  • This quiz has been taken 3,253 times
    1,489 since last reset
  • The average score is 58 of 71
Answer Stats
Country % Correct
United States
99%
United Kingdom
97%
Canada
95%
France
94%
Mexico
94%
Brazil
93%
Spain
93%
Australia
92%
Japan
92%
Argentina
91%
Germany
91%
India
91%
Sweden
91%
Norway
90%
Portugal
90%
Finland
89%
Italy
89%
South Korea
89%
Egypt
87%
Greece
87%
Netherlands
87%
Austria
86%
Belgium
86%
Colombia
86%
Denmark
86%
Ireland
86%
New Zealand
86%
Poland
86%
South Africa
86%
Chile
85%
Turkey
85%
Indonesia
84%
Switzerland
84%
Peru
83%
Ukraine
82%
Venezuela
81%
Iceland
80%
Romania
80%
Thailand
80%
Uruguay
80%
Estonia
79%
Hungary
79%
Latvia
79%
Lithuania
79%
Vietnam
79%
Czech Republic
78%
Bolivia
77%
Paraguay
77%
Slovakia
77%
United Arab Emirates
77%
Bulgaria
76%
Panama
76%
Israel
75%
Morocco
75%
Saudi Arabia
75%
Ecuador
74%
Pakistan
74%
Nigeria
72%
Philippines
72%
Costa Rica
71%
Honduras
71%
Malaysia
71%
Guatemala
70%
Dominican Republic
69%
El Salvador
69%
Luxembourg
69%
Nicaragua
67%
Singapore
67%
Taiwan
66%
Belarus
65%
Kazakhstan
58%
No matching quizzes found
Score Distribution
Percent of People with Each Score
Percentile by Number Answered
Your Score History
You have not taken this quiz since the last reset